00627 2200181 4500245003100000020002200031250001100053100001900064100001600083650001600099005001900115260002600134041001400160084001100174300002700185500022400212336000900436 aHanscRisa SaraswatihText a978-602-220-216-5 aCet. 1 aRisa Saraswati amaria Lubis aNovel Horor a20240125114452 aJakartabBukunec2017 aIndonesia a808.83 avi, 258 hlm. :c20 cm. aMasa hidup hans joseph bisa dibilang tidak menyenangkan. Dia tidak pernah dekat dengan kedua orang tua atau saudara selayaknya anak anak lain hanya rosemary seorang wanita tua yang menganggap hans seperti cucu sendiri. atext